|
|
|
|
| LEADER |
00000naa2a2200000 4500 |
| 001 |
244288 |
| 005 |
20251223091258.0 |
| 035 |
|
|
|a (RuTPU)RU\TPU\book\265671
|
| 035 |
|
|
|a RU\TPU\book\265667
|
| 090 |
|
|
|a 244288
|
| 100 |
|
|
|a 20131018d2013 k y0rusy50 ca
|
| 101 |
0 |
|
|a rus
|
| 102 |
|
|
|a RU
|
| 135 |
|
|
|a arnn ---uucaa
|
| 181 |
|
0 |
|a i
|
| 182 |
|
0 |
|a b
|
| 200 |
1 |
|
|a НИРС - шаг в подготовке к профессиональной деятельности
|f А. Г. Иванова, В. М. Мартемьянов
|
| 203 |
|
|
|a Текст
|c электронный
|
| 225 |
1 |
|
|a Подготовка студентов к комплексной профессиональной деятельности: роль практик, НИРС, УИРС
|
| 300 |
|
|
|a Заглавие с экрана
|
| 330 |
|
|
|a Показана важная роль организации научно-исследовательской работы студентов на выпускающих кафедрах, позволяющей подготовить выпускников к будущей профессиональной деятельности
|
| 337 |
|
|
|a Adobe Reader
|
| 463 |
|
1 |
|0 (RuTPU)RU\TPU\book\262130
|t Уровневая подготовка специалистов: государственные и международные стандарты инженерного образования
|o сборник трудов научно-методической конференции, 26-30 марта 2013 г., Томск
|f Национальный исследовательский Томский политехнический университет (ТПУ) ; ред. кол. А. И. Чучалин [и др.]
|v [С. 339-340]
|d 2013
|
| 610 |
1 |
|
|a труды учёных ТПУ
|
| 610 |
1 |
|
|a электронный ресурс
|
| 610 |
1 |
|
|a НИРС
|
| 610 |
1 |
|
|a научно-исследовательская работа
|
| 610 |
1 |
|
|a студенты
|
| 610 |
1 |
|
|a выпускники
|
| 700 |
|
1 |
|a Иванова
|b А. Г.
|c специалист в области точного приборостроения
|c инженер Томского политехнического университета
|f 1989-
|g Антонина Геннадьевна
|3 (RuTPU)RU\TPU\pers\31014
|
| 701 |
|
1 |
|a Мартемьянов
|b В. М.
|c доцент Томского политехнического университета, кандидат технических наук
|c выпускник ТПИ 1971 г.
|c специалист в области точного приборостроения
|f 1949-
|g Владимир Михайлович
|3 (RuTPU)RU\TPU\pers\26586
|
| 712 |
0 |
2 |
|a Национальный исследовательский Томский политехнический университет
|c (2009- )
|9 26305
|
| 801 |
|
2 |
|a RU
|b 63413507
|c 20161114
|g RCR
|
| 856 |
4 |
|
|u http://www.lib.tpu.ru/fulltext/c/2013/C09/194.pdf
|
| 942 |
|
|
|c CF
|